000
00210 a2200097 4500
001
22574
100
_a
Ali, K
245
_a
Short History of Muslim culture
260
_a
_b
Ali Pub
_c
1968
090
_c
15233
_d
15233
942
_a
NUST-CAE
_c
M
_c
5818
999
_c
257647
_d
257647